Combien de fois pouvez vous taper la lettre Z ? - Statistiques

Statistiques générales
  • Ce quiz a été pris 643 fois
  • Le résultat moyen est 91 sur 110
Statistiques - réponses
Réponse % Correct
Z
100%
Z
99%
Z
99%
Z
98%
Z
98%
Z
98%
Z
97%
Z
97%
Z
97%
Z
97%
Z
97%
Z
97%
Z
97%
Z
96%
Z
96%
Z
96%
Z
96%
Z
96%
Z
95%
Z
95%
Z
95%
Z
95%
Z
95%
Z
95%
Z
95%
Z
95%
Z
95%
Z
95%
Z
95%
Z
95%
Z
95%
Z
95%
Z
94%
Z
94%
Z
94%
Z
93%
Z
93%
Z
93%
Z
93%
Z
92%
Z
92%
Z
92%
Z
92%
Z
92%
Z
92%
Z
92%
Z
92%
Z
92%
Z
92%
Z
92%
Z
92%
Z
91%
Z
91%
Z
91%
Z
91%
z
91%
Z
91%
Z
90%
Z
90%
Z
90%
Z
90%
Z
90%
Z
90%
Z
89%
Z
89%
Z
88%
Z
87%
Z
87%
Z
87%
Z
86%
Z
86%
Z
84%
Z
84%
Z
83%
Z
82%
Z
81%
Z
79%
Z
78%
Z
78%
Z
78%
Z
76%
Z
76%
Z
74%
Z
73%
Z
73%
Z
73%
Z
71%
Z
70%
Z
69%
Z
67%
Z
67%
Z
65%
Z
63%
Z
62%
Z
61%
Z
60%
Z
59%
Z
57%
Z
56%
Z
54%
Z
51%
Z
51%
Z
50%
Z
49%
Z
48%
Z
45%
Z
44%
Z
43%
Z
42%
Z
41%
Aucun quiz correspondant
Distribution des résultats
% des personnes avec chaque résultat
Percentile par nombre de réponses
Votre historique - résultats
Vous n’avez pas pris ce quiz